Typage Rapide à 100 - Statistiques

Statistiques générales
  • Ce quiz a été pris 1 931 fois
  • Le résultat moyen est 75 sur 100
Statistiques - réponses
# % Correct
1
100%
2
98%
3
97%
4
96%
5
96%
6
96%
7
95%
8
95%
9
95%
11
92%
10
91%
12
91%
13
91%
14
90%
15
90%
16
89%
17
89%
18
89%
19
89%
20
89%
21
89%
22
88%
23
88%
24
87%
25
87%
28
87%
30
87%
26
86%
27
86%
29
86%
31
86%
32
86%
33
86%
34
85%
35
85%
36
85%
40
85%
41
85%
37
84%
38
84%
39
84%
42
84%
43
83%
44
83%
45
82%
46
81%
47
81%
50
81%
48
80%
49
80%
51
80%
52
79%
55
79%
53
78%
54
78%
56
78%
57
77%
58
76%
59
76%
60
75%
61
75%
62
74%
66
74%
63
72%
64
72%
65
72%
67
71%
70
70%
68
69%
71
69%
69
68%
72
68%
73
66%
74
65%
77
65%
75
63%
76
63%
78
62%
80
59%
79
58%
81
58%
82
57%
83
55%
84
54%
85
52%
88
52%
86
51%
87
50%
89
47%
90
47%
91
44%
92
44%
93
42%
94
41%
95
40%
99
40%
96
38%
97
37%
98
37%
100
36%
Aucun quiz correspondant
Distribution des résultats
% des personnes avec chaque résultat
Percentile par nombre de réponses
Votre historique - résultats
Vous n’avez pas pris ce quiz